000 00647nam a2200217Ia 4500
003 OSt
005 20220926044733.0
006 a|||||r|||| 00| 0
007 ta
008 220923b |||||||| |||| 00| 0 eng d
037 _cGeneral Book
040 _aRTL
_cRTL
_beng
041 _2eng
_aeng
082 _aT4:8D, K4
100 _aHarris Soymour E Ed.
_9349375
245 0 _aEconomic aspects of higher education
260 _c1964
490 _aOrganisation for Economic Cooperation and Development, Study Group in the Economics of Education
942 _hT4:8D, K4
_cGB
_2CC
999 _c675650
_d675650